| 000 | 00659nam a2200241Ia 4500 | ||
|---|---|---|---|
| 003 | OSt | ||
| 005 | 20221005032400.0 | ||
| 006 | a|||||r|||| 00| 0 | ||
| 007 | ta | ||
| 008 | 221004b |||||||| |||| 00| 0 eng d | ||
| 024 | _a28494 | ||
| 037 | _cTextual | ||
| 040 |
_aCRL _cCRL _beng |
||
| 041 |
_2eng _aeng |
||
| 082 | _aF:g, M6 | ||
| 100 |
_aWinner Langdon _9585066 |
||
| 245 | 0 |
_aWhale and the reactor _b A search for limits in an age of high technology |
|
| 260 |
_aChicago _bUniversity of Chicago _c1986 |
||
| 300 |
_a200p _ccm. |
||
| 650 | _aTECHNOLOGY | ||
| 942 |
_hF:g, M6 _cTEXL _2cc |
||
| 999 |
_c939624 _d939624 |
||